000 00743nam a2200253 i 4500
001 11576
003 ES-MaACL
005 20250807063204.0
007 t|
008 930329s1995 sp |||| | spa d
020 _a84-376-0922-4
080 _a791.43(086.8)(083.83)
100 1 _aAguilar, Carlos,
_d1958-
_918684
245 1 0 _aGuía del video-cine /
_cCarlos Aguilar.
250 _a5ª ed. amp.
260 _aMadrid :
_bCátedra,
_c1995.
300 _a1491 p. ;
_c21 cm.
490 1 _aSigno e imagen ;
_v4
500 _aIndice.
650 1 4 _aPelículas cinematográficas-
_vGrabaciones en vídeo-
_vCatálogos.
_915912
830 0 _aSigno e imagen ;
_v4
_9178598
852 _aES-MaACL
_jL-18853
999 _c11576
_d11576